Inglorious empire (Record no. 533024)
[ view plain ]
| 000 -LEADER | |
|---|---|
| fixed length control field | 00867nam a22001817a 4500 |
| 003 - CONTROL NUMBER IDENTIFIER | |
| control field | NUST |
| 020 ## - INTERNATIONAL STANDARD BOOK NUMBER | |
| International Standard Book Number | 9780141978149 |
| 038 ## - RECORD CONTENT LICENSOR | |
| Staff Name | Muhammad Ibrahim |
| 040 ## - CATALOGING SOURCE | |
| Original cataloging agency | 0 |
| 082 ## - DEWEY DECIMAL CLASSIFICATION NUMBER | |
| Classification number | 954.03 |
| Author Mark | THA 2016 |
| 100 ## - MAIN ENTRY--PERSONAL NAME | |
| Personal name | Tharoor, Shashi, |
| 9 (RLIN) | 26699 |
| 245 ## - TITLE STATEMENT | |
| Title | Inglorious empire |
| Remainder of title | What the British did to India |
| Statement of responsibility, etc. | Shashi Tharoor |
| 260 ## - PUBLICATION, DISTRIBUTION, ETC. | |
| Place of publication, distribution, etc. | London |
| Name of publisher, distributor, etc. | Penguin books |
| Date of publication, distribution, etc. | 2016 |
| 300 ## - PHYSICAL DESCRIPTION | |
| Extent | 295 p, |
| Dimensions | 19 cm |
| 505 ## - FORMATTED CONTENTS NOTE | |
| Formatted contents note | The looting of India --<br/>Did the British give India political unity? --<br/>Democracy, the press, the parliamentary system and the rule of law --<br/>Divide et impera --<br/>The myth of enlightened despotism --<br/>The remaining case for empire --<br/>The (im)balance sheet: a coda --<br/>The messy afterlife of colonialism. |
| 650 ## - SUBJECT ADDED ENTRY--TOPICAL TERM | |
| Source of heading or term | Imperialismo. India -- Historia -- Ocupación británica, 1765-1947. Gran Bretaña -- Relaciones exteriores -- India |
| 942 ## - ADDED ENTRY ELEMENTS (KOHA) | |
| Source of classification or shelving scheme | |
| Koha item type | Book |
| Withdrawn status | Lost status | Source of classification or shelving scheme | Damaged status | Not for loan | Permanent Location | Current Location | Shelving location | Date acquired | Total Checkouts | Full call number | Barcode | Date last seen | Date last checked out | Price effective from | Koha item type |
|---|---|---|---|---|---|---|---|---|---|---|---|---|---|---|---|
| Centre for International Peace & Stability (CIPS) | Centre for International Peace & Stability (CIPS) | General Stacks | 12/10/2019 | 1 | 954.03 THA 2016 | CIPSD0000568 | 03/06/2025 | 02/25/2025 | 12/10/2019 | Book |
